| 000 | 00716nam a22002177a 4500 | ||
|---|---|---|---|
| 999 |
_c14055 _d14055 |
||
| 003 | AR-CdUCM | ||
| 008 | 190417b ||||| |||| 00| 0 spa d | ||
| 040 |
_aMUNICIPALIDAD PROVINCIAL DEL CUSCO _cBIBLIOTECA MUNICIPAL DEL CUSCO |
||
| 041 | _heng | ||
| 082 |
_a895 / _bB171 / 1975 |
||
| 100 |
_aBalaveda Vidyabhusana, Srila _932725 |
||
| 245 | _aEl bhagavad Gita tal como es / | ||
| 260 |
_aMéxico : _bThe Bhaktivedanta Book trust, _c1975 |
||
| 300 |
_a935 páginas ; _bFotografías, _c21 cm. |
||
| 505 | _aContenido: Filosofía y origen de la India. | ||
| 650 |
_aFilosofía _9395 |
||
| 650 |
_aHistoria Indú _932726 |
||
| 650 |
_aOrigen de la India _932727 |
||
| 942 |
_2ddc _cLIBROS |
||
| 945 |
_apjha _d2019-04-22 |
||